书目信息 |
| 题名: |
广西出土文物
|
|
| 作者: | ;广西壮族自治区文物管理委员会 编 | |
| 分册: | ||
| 出版信息: | 北京 文物出版社 1978 |
|
| 页数: | 1册 | |
| 开本: | 38cm | |
| 丛书名: | ||
| 单 册: | ||
| 中图分类: | G260.3 | |
| 科图分类: | ||
| 主题词: | 博物馆学 , 博物馆事业 | |
| 电子资源: | ||
| ISBN: | ||
| 000 | 00679nam0 2200241 45 | |
| 001 | 0178002668 | |
| 005 | 20040308103628.4 | |
| 010 | @b精装@dCNY35 | |
| 091 | @a8068.603 | |
| 100 | @a19950726d1978 em y0chiy0121 ea | |
| 101 | 0 | @achi |
| 102 | @aCN@b110000 | |
| 105 | @af z 000yy | |
| 106 | @ar | |
| 200 | 10 | @a广西出土文物@Aguang xi chu tu wen wu@f广西壮族自治区文物管理委员会编 |
| 210 | @a北京@c文物出版社@d1978 | |
| 215 | @a1册@d38cm | |
| 606 | 0 | @a博物馆学 |
| 606 | 0 | @a博物馆事业 |
| 690 | @aG260.3 | |
| 711 | 02 | @a广西壮族自治区文物管理委员会@Aguang xi zhuang zu zi zhi qu wen wu guanli wei yuan hui@4编 |
| 801 | 0 | @aCN@bNLC@c20040308 |
| 905 | @f1@b2684@dG260.3@e3 | |
| 广西出土文物/广西壮族自治区文物管理委员会编.-北京:文物出版社,1978 |
| 1册;38cm |
| ISBN (精装):CNY35 |
| ● |
| 相关链接 |
|
|
|
|
正题名:广西出土文物
索取号:G260.3/3
 
预约/预借
| 序号 | 登录号 | 条形码 | 馆藏地/架位号 | 状态 | 备注 |
| 1 | 0002684 | 001899770 | 第一样本阅览室/ [索取号:G260.3/3] | 在馆 |